h1

h2

h3

h4

h5
h6
000784326 001__ 784326
000784326 005__ 20230124071634.0
000784326 0247_ $$2I:(DE-82)001210_20140620$$aG:(DE-82)LBZ$$dLBZ
000784326 035__ $$aG:(DE-82)LBZ
000784326 150__ $$aPublikationen Lehramt RWTH Aachen$$y2020-02-20
000784326 450__ $$aLBZ$$wd$$y2020-02-20
000784326 5101_ $$0I:(DE-82)001210_20140620$$aLehrerbildungszentrum$$bLBZ
000784326 909CO $$ooai:juser.fz-juelich.de:874071$$pauthority$$pauthority:GRANT
000784326 909CO $$ooai:juser.fz-juelich.de:874071
000784326 980__ $$aG
000784326 980__ $$aAUTHORITY